| 000 | 00604nam a22002057a 4500 | ||
|---|---|---|---|
| 005 | 20251108165227.0 | ||
| 008 | 250721s2010 xx 000 0 ara d | ||
| 082 | 1 | 4 | _a418.2/إبر |
| 100 | 1 |
_aابراهيم، خليل _eمؤلف |
|
| 245 | 1 | 0 | _aالواضح في الإنشاء / |
| 250 | _aط3. | ||
| 264 | 1 |
_aعمان : _bالأهلية للنشر و التوزيع، _c2010. |
|
| 300 | _a295ص. | ||
| 650 | 1 | 7 | _aاللغة العربية |
| 650 | 1 | 7 | _aقواعد اللغة |
| 650 | 1 | 7 | _aالتعبير |
| 700 | 1 |
_aالحسيني، علي _eمراجع |
|
| 942 |
_2ddc _cBK |
||
| 999 |
_c22626 _d22626 |
||